[Event "Unterfranken-ch HB 57th"]
[Site "Prichsenstadt"]
[Date "2006.04.21"]
[Round "8"]
[White "Susallek, Daniela"]
[Black "Feidel, Claudius"]
[Result "0-1"]
[WhiteElo "1268"]
[BlackElo "1526"]
[PlyCount "110"]
[EventDate "2006.04.17"]
[EventType "swiss"]
[EventRounds "9"]
[EventCountry "GER"]
[SourceTitle "EXT 2015"]
[Source "ChessBase"]
[SourceDate "2014.11.20"]
[SourceVersion "1"]
[SourceVersionDate "2014.11.20"]
[SourceQuality "1"]

1. e4 e6 2. g3 Nc6 3. Bg2 d5 4. d3 Nf6 5. exd5 exd5 6. Qe2+ Be6 7. Bf4 Bd6 8. Bxd6 Qxd6 9. Nf3 0-0 10. 0-0 Rfe8 11. Re1 Qd7 12. Nc3 a6 13. a3 Bh3 14. Qf1 Bxg2 15. Qxg2 h6 16. Rxe8+ Rxe8 17. Re1 Re6 18. Rxe6 Qxe6 19. Nd1 d4 20. b3 Qe2 21. Nb2 Qxc2 22. Nc4 Qd1+ 23. Qf1 Qxf3 24. b4 Ng4 25. Nd2 Qf5 26. Qe2 Qe6 27. Qxe6 fxe6 28. Ne4 b6 29. Kg2 Nge5 30. f4 Nxd3 31. Kf3 Ne1+ 32. Ke2 Nc2 33. g4 Nxa3 34. g5 hxg5 35. Nxg5 e5 36. fxe5 Nxe5 37. Ne6 c6 38. Kd2 d3 39. Nf4 Nc2 40. Nxd3 Nxd3 41. Kxd3 Nxb4+ 42. Ke3 Nd5+ 43. Kd4 Kf7 44. Kd3 Kf6 45. Ke4 a5 46. Kd4 Kf5 47. Kc4 g5 48. Kd4 g4 49. Kc4 Kf4 50. Kd4 Ne3 51. Kd3 Nf1 52. Ke2 Nxh2 53. Kf2 g3+ 54. Kg1 a4 55. Kg2 a3 0-1

[Event "Unterfranken-ch HB 45th"]
[Site "Oberweissenbrunn"]
[Date "1994.??.??"]
[Round "3"]
[White "Poppe, Heiko"]
[Black "Feidel, Claudius"]
[Result "1-0"]
[WhiteElo "1699"]
[BlackElo "1515"]
[PlyCount "97"]
[EventDate "1994.04.04"]
[EventType "swiss"]
[EventRounds "9"]
[EventCountry "GER"]
[SourceTitle "EXT 2015"]
[Source "ChessBase"]
[SourceDate "2014.11.20"]
[SourceVersion "1"]
[SourceVersionDate "2014.11.20"]
[SourceQuality "1"]

1. e4 e6 2. d4 d5 3. Nd2 c5 4. c3 Nc6 5. exd5 exd5 6. Ndf3 cxd4 7. Nxd4 Nf6 8. Bf4 Nxd4 9. Qxd4 Bd6 10. Bg5 0-0 11. 0-0-0 Be7 12. Bxf6 Bxf6 13. Qxd5 Qxd5 14. Rxd5 Be6 15. Rb5 Bxa2 16. Rxb7 Bg5+ 17. Kc2 Bd5 18. Rb5 Be4+ 19. Kb3 Rab8 20. f3 Rxb5+ 21. Bxb5 Bd5+ 22. Kc2 Be6 23. Bd3 Rb8 24. c4 a5 25. Ne2 a4 26. Rb1 Bf6 27. Nc3 Bxc3 28. Kxc3 Kf8 29. b3 axb3 30. Rxb3 Rxb3+ 31. Kxb3 h6 32. Kb4 Ke7 33. Kc5 Kd7 34. Kb6 Kc8 35. c5 Kd8 36. Be4 f5 37. Bb7 f4 38. Kc6 Bc8 39. Bxc8 Kxc8 40. Kd6 g5 41. h4 gxh4 42. Ke5 h3 43. gxh3 Kc7 44. Kxf4 Kc6 45. Ke5 Kxc5 46. f4 Kc6 47. Ke6 Kc7 48. Ke7 h5 49. f5 1-0